Statystyki dla Kierowcy F1 2009

Kliknij tutaj aby rozwiązać quiz!

Ogólne statystyki

  • Ten quiz został rozwiązany 47 razy
  • Średni wynik to 16 z 26

Statystyki odpowiedzi

ZespółKierowca% Poprawnych
Vodafone McLaren MercedesLewis Hamilton
97%
BMW Sauber F1 TeamRobert Kubica
97%
Kimi Raikkonen
95%
Renault F1 TeamFernando Alonso
92%
Sebastian Vettel
89%
Scuderia Ferrari MarlboroFelipe Massa
84%
Brawn GP Formula 1 TeamJenson Button
82%
Red Bull RacingMark Webber
71%
AT&T WilliamsNico Rosberg
71%
Nick Heidfeld
61%
Heikki Kovalainen
58%
Rubens Barrichello
58%
Timo Glock
55%
Panasonic Toyota RacingJarno Trulli
53%
Romain Grosjean
53%
Sebastien Buemi
53%
Force India F1 TeamAdrian Sutil
50%
Giancarlo Fisichella
50%
Giancarlo Fisichella
50%
Nelson Piquet Jr.
50%
Kamui Kobayashi
47%
Kazuki Nakajima
39%
Luca Badoer
39%
Scuderia Toro RossoSebastien Bourdais
34%
Vitantonio Liuzzi
26%
Jaime Alguersuari
18%

Rozkład punktacji

Percentyl według liczby udzielonych odpowiedzi

Procent ludzi z każdym wynikiem

Twoja historia wyników

Nie rozwiązałeś tego quizu